Catálogo

HOW TO AUDIT THE PROCESS-BASED QMS (Registro nro. 60053)

Detalles MARC
000 -LEADER
fixed length control field 00639nam a2200193 a 4500
001 - CONTROL NUMBER
control field 60053
005 - DATE AND TIME OF LATEST TRANSACTION
control field 20180714061158.0
008 - FIXED-LENGTH DATA ELEMENTS--GENERAL INFORMATION
fixed length control field 140415s2013 xxu 000 0 eng d
020 ## - INTERNATIONAL STANDARD BOOK NUMBER
International Standard Book Number 9780873898447
041 ## - LANGUAGE CODE
Language code of text/sound track or separate title eng
082 ## - DEWEY DECIMAL CLASSIFICATION NUMBER
Classification number 657.458
Item number ART
100 1# - MAIN ENTRY--PERSONAL NAME
Personal name ARTER, DENNIS R.
245 10 - TITLE STATEMENT
Title HOW TO AUDIT THE PROCESS-BASED QMS
250 ## - EDITION STATEMENT
Edition statement 2a ed.
260 ## - PUBLICATION, DISTRIBUTION, ETC.
Place of publication, distribution, etc. ESTADOS UNIDOS DE AMERICA :
Name of publisher, distributor, etc. ASQ,
Date of publication, distribution, etc. 2013
300 ## - PHYSICAL DESCRIPTION
Extent XIX 245
650 14 - SUBJECT ADDED ENTRY--TOPICAL TERM
Topical term or geographic name entry element AUDITORIA INTERNA
General subdivision METODOLOGIA
--
--
-- CALIDAD TOTAL
-- ADMINISTRACION
-- EVALUACION
--
--
--
-- ADMINISTRACION
-- EVALUACION
--
--
-- ISO 9001
-- STANDAR
700 1# - ADDED ENTRY--PERSONAL NAME
Personal name CIANFRANI, CHARLES A.
Relator term coaut.
Existencias
Withdrawn status Lost status Source of classification or shelving scheme Damaged status Not for loan Collection code Home library Current library Shelving location Date acquired Source of acquisition Inventory number Total Checkouts Full call number Barcode Date last seen Price effective from Koha item type
    Dewey Decimal Classification     General Biblioteca Karol Wojtyla Biblioteca Karol Wojtyla Sala general 03/12/2013 Compra 151000000000000000021219   657.458 ART 2013 90550 05/01/2026 18/08/2014 Libro